[Event "NOR-ch Senior"]
[Site "Stavanger"]
[Date "2017.07.04"]
[Round "5"]
[White "Andersen, Viggo"]
[Black "Jakobsen, Per Arvid"]
[Result "1/2-1/2"]
[WhiteElo "1432"]
[BlackElo "1354"]
[PlyCount "41"]
[EventDate "2017.07.01"]
[EventType "swiss"]
[EventRounds "9"]
[EventCountry "NOR"]
[SourceTitle "EXT 2024"]
[Source "ChessBase"]
[SourceDate "2023.10.10"]
[SourceVersion "1"]
[SourceVersionDate "2023.10.10"]
[SourceQuality "1"]

1. e4 e5 2. Nf3 Nc6 3. d4 f6 4. d5 Nce7 5. c4 Ng6 6. Nc3 Bb4 7. Bd2 a5 8. a3 Bc5 9. Qa4 b6 10. b4 Bd4 11. b5 Bc5 12. Ne2 d6 13. h3 f5 14. exf5 Bxf5 15. Ng3 Qf6 16. Be3 e4 17. Nd4 Bxd4 18. Rd1 Bc3+ 19. Bd2 Bd4 20. Be3 Bc3+ 21. Bd2 1/2-1/2

[Event "NOR-chB"]
[Site "Moss"]
[Date "2006.07.14"]
[Round "8"]
[White "Fadnes, Bard"]
[Black "Andersen, Viggo"]
[Result "0-1"]
[WhiteElo "1346"]
[BlackElo "1425"]
[PlyCount "52"]
[EventDate "2006.07.08"]
[EventType "swiss"]
[EventRounds "9"]
[EventCountry "NOR"]
[SourceTitle "EXT 2007"]
[Source "ChessBase"]
[SourceDate "2006.11.23"]
[SourceVersion "1"]
[SourceVersionDate "2006.11.23"]
[SourceQuality "1"]

1. e4 c5 2. Nf3 d6 3. d4 cxd4 4. Nxd4 Nf6 5. Nc3 g6 6. Be3 Bg7 7. Bb5+ Nbd7 8. 0-0 0-0 9. f4 Nc5 10. Bd3 Ng4 11. Qd2 e6 12. Be2 Nxe3 13. Qxe3 Qb6 14. Nb3 Qb4 15. Kh1 Bxc3 16. Nxc5 Bd4 17. Nd3 Qxb2 18. Nxb2 Bxe3 19. Nc4 Bc5 20. Rad1 Rd8 21. Rf3 b6 22. Rfd3 Ba6 23. Rb3 d5 24. exd5 exd5 25. Nxb6 Bxe2 26. Rxd5 Bxb6 0-1

[Event "NOR-chB"]
[Site "Moss"]
[Date "2006.07.13"]
[Round "7"]
[White "Andersen, Viggo"]
[Black "Belstad, Bjoern E"]
[Result "0-1"]
[WhiteElo "1425"]
[BlackElo "1361"]
[PlyCount "86"]
[EventDate "2006.07.08"]
[EventType "swiss"]
[EventRounds "9"]
[EventCountry "NOR"]
[SourceTitle "EXT 2007"]
[Source "ChessBase"]
[SourceDate "2006.11.23"]
[SourceVersion "1"]
[SourceVersionDate "2006.11.23"]
[SourceQuality "1"]

1. e4 c6 2. d4 d5 3. e5 Bf5 4. Bd3 Bg6 5. Ne2 e6 6. 0-0 Nd7 7. Kh1 c5 8. c3 c4 9. Bc2 Ne7 10. Ng3 h5 11. Bxg6 Nxg6 12. h3 h4 13. Nh5 Ne7 14. Bg5 g6 15. Nf6+ Nxf6 16. Bxf6 Rh7 17. Na3 Qb6 18. Rb1 Nf5 19. Nc2 Be7 20. Bxe7 Kxe7 21. Ne3 Nxe3 22. fxe3 Rh5 23. Qg4 Rah8 24. e4 Qc6 25. Qf4 R8h7 26. exd5 Qxd5 27. Qg4 Rf5 28. Rxf5 exf5 29. Qg5+ Ke8 30. Re1 Qe6 31. Qd2 Kd8 32. d5 Qd7 33. Qd4 g5 34. Qxc4 g4 35. Qd4 gxh3 36. gxh3 Rh6 37. c4 Ke8 38. Qf4 Ra6 39. a3 Rg6 40. Qxh4 Qa4 41. Qh8+ Ke7 42. d6+ Kd7 43. Qh4 Qc6+ 0-1

[Event "NOR-chB"]
[Site "Stavanger"]
[Date "2005.07.03"]
[Round "2"]
[White "Andersen, Viggo"]
[Black "Salvesen, Bjorn"]
[Result "1-0"]
[WhiteElo "1426"]
[BlackElo "1480"]
[PlyCount "81"]
[EventDate "2005.07.01"]
[EventType "swiss"]
[EventRounds "9"]
[EventCountry "NOR"]
[SourceTitle "CBM 107 Extra"]
[Source "ChessBase"]
[SourceDate "2005.09.01"]
[SourceVersion "1"]
[SourceVersionDate "2005.09.01"]
[SourceQuality "1"]

1. e4 c5 2. Nf3 Nc6 3. Be2 g6 4. c3 Bg7 5. 0-0 d5 6. exd5 Qxd5 7. d3 Nf6 8. Re1 0-0 9. Nbd2 b6 10. Nf1 Bb7 11. Ne3 Qd7 12. Qc2 Rfd8 13. b3 Qc7 14. Bb2 Ba6 15. Rad1 Rac8 16. a3 Nd7 17. Bf1 e6 18. Ng4 h5 19. Ne3 Nde5 20. Ng5 Ng4 21. Nxg4 hxg4 22. Bc1 Bf6 23. Ne4 Be7 24. Ng3 Kg7 25. Qe2 Bf6 26. Qc2 Rh8 27. Re4 Ne5 28. d4 Bxf1 29. dxe5 Bxe5 30. Rxf1 f5 31. Re2 f4 32. Bxf4 Bxf4 33. Rxe6 Rh6 34. Rfe1 Qb8 35. Qe4 Rch8 36. Re7+ Kf6 37. Qe6+ Kg5 38. Ne4+ Kh5 39. Nf6+ Kg5 40. Qxg4+ Kxf6 41. R1e6# 1-0

[Event "EU-chT Railways USIC"]
[Site "Dresden"]
[Date "2000.06.23"]
[Round "5.5"]
[White "Kuip, Jan"]
[Black "Andersen, Viggo"]
[Result "1-0"]
[WhiteElo "1769"]
[BlackElo "1600"]
[PlyCount "118"]
[EventDate "2000.06.19"]
[EventType "team-swiss"]
[EventRounds "7"]
[EventCountry "GER"]
[SourceTitle "EXT 2002"]
[Source "ChessBase"]
[SourceDate "2001.11.25"]
[SourceVersion "1"]
[SourceVersionDate "2001.11.25"]
[SourceQuality "1"]
[WhiteTeam "Netherlands (USIC)"]
[BlackTeam "Norway (USIC)"]
[WhiteTeamCountry "NED"]
[BlackTeamCountry "NOR"]

1. e4 c5 2. d4 cxd4 3. Nf3 d6 4. Nxd4 Nf6 5. Nc3 g6 6. f4 Bg7 7. e5 dxe5 8. fxe5 Ng4 9. Bb5+ Nd7 10. Qxg4 0-0 11. Bxd7 Bxd7 12. Qe4 Qb6 13. Nd5 Qd8 14. 0-0 f5 15. exf6 exf6 16. Qe7 f5 17. c3 Qc8 18. Bg5 Rf7 19. Qd6 Kh8 20. Bf6 Bxf6 21. Nxf6 Qd8 22. Nxd7 Rxd7 23. Qe5+ Kg8 24. Rae1 Qf8 25. Qe6+ Rf7 26. Rf2 Rd8 27. Rfe2 Qc5 28. Re5 Qc7 29. Rd5 Rdf8 30. Nb5 Qc8 31. Qxc8 Rxc8 32. Nd6 Rd8 33. Nxf7 Rxd5 34. Ne5 Kf8 35. Nf3 h6 36. Nd4 Kf7 37. Kf2 h5 38. h4 a5 39. Kf3 b5 40. Re2 b4 41. Ke3 bxc3 42. bxc3 a4 43. Kd3 Rd6 44. Kc4 Rb6 45. a3 Rb1 46. Nf3 Rb3 47. Ng5+ Kg7 48. Ne6+ Kf7 49. Nc5 Rxa3 50. Kb4 Ra1 51. Nxa4 Rh1 52. g3 Rg1 53. Re3 Rf1 54. c4 f4 55. gxf4 Rxf4 56. Rh3 Kf6 57. Nc5 Kf5 58. Nd3 Kg4 59. Nxf4 Kxf4 1-0

[Event "EU-chT Railways USIC"]
[Site "Dresden"]
[Date "2000.06.21"]
[Round "3.5"]
[White "Kohut, Marian"]
[Black "Andersen, Viggo"]
[Result "1/2-1/2"]
[WhiteElo "2066"]
[BlackElo "1600"]
[PlyCount "66"]
[EventDate "2000.06.19"]
[EventType "team-swiss"]
[EventRounds "7"]
[EventCountry "GER"]
[SourceTitle "EXT 2002"]
[Source "ChessBase"]
[SourceDate "2001.11.25"]
[SourceVersion "1"]
[SourceVersionDate "2001.11.25"]
[SourceQuality "1"]
[WhiteTeam "Slovakia (USIC)"]
[BlackTeam "Norway (USIC)"]
[WhiteTeamCountry "SVK"]
[BlackTeamCountry "NOR"]

1. d4 Nf6 2. c4 g6 3. Nc3 d5 4. Bf4 a6 5. e3 Bg7 6. Nf3 0-0 7. Be2 c6 8. 0-0 Nbd7 9. Ne5 Nb6 10. cxd5 cxd5 11. Rc1 Nbd7 12. Bf3 e6 13. a4 Nxe5 14. Bxe5 Bd7 15. Qb3 Bc6 16. Rfd1 Bh6 17. Qc2 Ne8 18. Be2 f6 19. Bg3 Rf7 20. b4 Qb6 21. Qb3 Bd7 22. a5 Qd8 23. Na4 Bxa4 24. Qxa4 Bg7 25. Rc2 Rc8 26. Rdc1 Rxc2 27. Qxc2 Bf8 28. Qa4 Bd6 29. b5 axb5 30. Qxb5 Bxg3 31. hxg3 Nd6 32. Qb4 Rc7 33. Ra1 Kf7 1/2-1/2